| 000 | 00507nam a2200193Ia 4500 | ||
|---|---|---|---|
| 003 | GCL | ||
| 008 | 140319s9999 xx 000 0 eng d | ||
| 040 |
_aGCL / _cGCL |
||
| 082 | 0 | 4 |
_aREF _b443 _bL P |
| 100 | 1 | _aLAROUSSE | |
| 245 | 1 | 0 |
_aPETIT DICTIONNAIRE FRANCAIS / _cLAROUSSE |
| 260 |
_a[S.N] : _bPRENTICE. HALL INERNATIONAL,INC. ، _c1990 |
||
| 300 | _a767 P | ||
| 650 | 0 | 4 | _aتقوية الذاكرة |
| 650 | 0 | 4 | _aDICTIONARIES |
| 650 | 0 | 4 | _aCESMMY |
| 650 | 0 | 4 | _aFRENCH DICTIONARY |
| 942 |
_2ddc _cBK |
||
| 999 |
_c24393 _d24393 |
||